Základy práva životného prostredia. 3

Starostlivosť o poľnohospodársky pôdny fond. Využívanie poľnohospodárskeho pôdneho fondu na poľnohospodársku výrobu ako prioritné využívanie. Použitie poľnohospodárskeho pôdneho fondu na iné účely ako výrobné. Špeciálne zásady ochrany poľnohospodárskeho pôdneho fondu.

Gespeichert in:
Bibliographische Detailangaben
1. Verfasser: Košičiarová, Soňa
Format: Buchkapitel
Sprache:Slowakisch
Schlagworte:
Tags: Tag hinzufügen
Keine Tags, Fügen Sie das erste Tag hinzu!

MARC

LEADER 00000naa a2200000 4500
001 r016314
005 20221213114913.5
041 0 |a slo 
044 |a SK 
245 1 0 |a Základy práva životného prostredia. 3  |c Soňa Košičiarová 
520 |a Starostlivosť o poľnohospodársky pôdny fond. Využívanie poľnohospodárskeho pôdneho fondu na poľnohospodársku výrobu ako prioritné využívanie. Použitie poľnohospodárskeho pôdneho fondu na iné účely ako výrobné. Špeciálne zásady ochrany poľnohospodárskeho pôdneho fondu. 
610 2 0 |a ochrana prostredia životného 
610 2 0 |a poľnohospodárstvo 
610 2 0 |a pôda 
610 2 0 |a fond pôdny 
610 2 0 |a predpisy právne 
610 2 0 |a ochrana pôdy 
100 1 |a Košičiarová, Soňa